Human & ecological risk assessment

Bibliographic Details
Corporate Author: Taylor & Francis
Format: Electronic Journal
Language:English
Published: [Boca Raton, FL] : CRC Press
Subjects:
Online Access:Full text available from Research Library: 02/01/2003 to 11/30/2007

MARC

LEADER 00000nas a2200000 a 4500
001 ssj0002029
003 WaSeSS
005 20200512172242.0
006 m d
007 cr n
008 990217c19959999flubx pss 0 a0eng c
010 |a  2004214421 
015 |a GBB605170  |2 bnb 
016 7 |a 013367921  |2 Uk 
022 |a 1549-7860  |l 1080-7039  |y 1080-7039 
035 |a (WaSeSS)ssj0002029 
037 |b Taylor and Francis, Inc., 825 Chestnut Street, Ste. 800, Philadelphia, PA 19106 
040 |a F#A  |b eng  |c F#A  |d OCL  |d OCLCQ  |d HUA  |d OCLCQ  |d NSD  |d OCLCQ  |d OCLCS  |d OCLCQ  |d DLC  |d UKMGB  |d OCLCQ  |d OCLCF  |d CHVBK  |d OCLCQ  |d DLC  |d OCLCO  |d NLE  |d OCLCA  |d U3W  |d OCLCO  |d AU@  |d OCLCO  |d WYU  |d OCLCO  |d WaSeSS 
042 |a nsdp  |a pcc 
050 0 0 |a RA427.3222 
082 1 0 |a 614  |2 13 
130 0 |a Human and ecological risk assessment (Online) 
222 0 |a Human and ecological risk assessment  |b (Online) 
245 1 0 |a Human & ecological risk assessment  |h [electronic resource]. 
246 3 |a Human and ecological risk assessment 
260 |a [Boca Raton, FL] :  |b CRC Press 
310 |a Six issues yearly 
362 1 |a Print began with vol. 1, no. 1 (Mar. 1995). 
500 |a Published: Philadelphia, PA : Taylor and Francis, Inc., 2003- 
506 |a License restrictions may limit access. 
538 |a Mode of access: World Wide Web. 
588 |a Description based on: Vol. 4, no. 1 (Feb. 1998); title from journal information screen (viewed Feb. 15, 1999). 
588 |a Latest issue consulted: Vol. 22, issue 8 (2017) (Taylor & Francis Online viewed November 6, 2017). 
650 0 |a Health risk assessment  |v Periodicals. 
650 0 |a Ecological risk assessment  |v Periodicals. 
650 7 |a Ecological risk assessment.  |2 fast  |0 (OCoLC)fst00901461 
650 7 |a Health risk assessment.  |2 fast  |0 (OCoLC)fst00953250 
650 2 |a Ecology  |v Periodicals. 
650 2 |a Risk Assessment  |v Periodicals. 
655 0 |a Electronic journals. 
710 2 |a Taylor & Francis. 
776 1 |t Human and ecological risk assessment  |x 1080-7039  |w (DLC) 95648410  |w (OCoLC)31878891 
850 |a DLC 
856 4 0 |z Full text available from Research Library: 02/01/2003 to 11/30/2007  |u https://search.proquest.com/publication/44697